Central Library OPAC University of Rajshahi
Normal view MARC view

Entry Topical Term

Number of records used in: 2

001 - CONTROL NUMBER

  • control field: 12018

003 - CONTROL NUMBER IDENTIFIER

  • control field: BD-RjUL

005 - DATE AND TIME OF LATEST TRANSACTION

  • control field: 20240303120354.0

008 - FIXED-LENGTH DATA ELEMENTS

  • fixed length control field: 240303|| aca||aabn | a|a d

040 ## - CATALOGING SOURCE

  • Original cataloging agency: BD-RjUL
  • Transcribing agency: BD-RjUL

150 ## - HEADING--TOPICAL TERM

  • Topical term or geographic name entry element: উৎসব ভারত

670 ## - SOURCE DATA FOUND

  • Source citation: Work cat.: (BD-RjUL)83200: সেন, ক্ষিতিমোহন 11951, ভারত পরিক্রমা /, ২০০৪, [পুনর্মুদ্রণ ২০২০]